| 000 | 00000nas##2200000za#4500 |
| 001 | 9.511767 |
| 003 | CaOODSP |
| 005 | 20200331182752 |
| 007 | ta |
| 008 | 150406c1997||||xxc|| p #||||f| |0fre|d |
| 022 | |a1484-8481 |
| 040 | |aCaOODSP|bfre |
| 041 | |aeng |
| 041 | |afre |
| 043 | |an-cn--- |
| 086 | 1 |aBT23-1 |
| 110 | 1 |aCanada. |bConseil du trésor. |
| 245 | 10|aSecrétariat du Conseil du Trésor du Canada - rapport annuel sur les langues officielles |
| 246 | 1 |aRapport annuel au Parlement |
| 260 | |aOttawa - Ontario : |bSecrétariat du Conseil du Trésor du Canada |
| 310 | |aAnnuel |
| 362 | 1 |a1996/97-2002/03, 2007/08-- |
| 500 | |aFait suite à: «Langues officielles dans les institutions fédérales, rapport annuel», 1988/89-1995/96 (ISSN 0846-6661). Publié par l'Agence de gestion des ressources humaines de la fonction publique du Canada, 2003/04-2005/06 (ISSN 1912-0907); par l'Agence de la fonction publique du Canada, 2006/07 (ISSN 1912-3034). |
| 520 | 3 |aPrésente en détail les efforts déployés pour ancrer les langues officielles dans la culture de la fonction publique, offrir un service à la hauteur des attentes des Canadiens, créer un milieu de travail propice à l’utilisation des deux langues officielles et veiller à ce que les deux groupes linguistiques aient des chances égales d’emploi et d’avancement dans les institutions fédérales. |
| 563 | |aCouverture souple |
| 691 | 07|aLangue officielle|2gcpds |
| 776 | 0#|tRapport annuel sur les langues officielles. |w(CaOODSP)9.502215 |
| 776 | 0#|tRapport annuel sur les langues officielles. |w(CaOODSP)9.878254 |
| 791 | |tTreasury Board of Canada Secretariat annual report on official languages |eeng|w(CaOODSP)9.511766 |